[Event "Fagernes op"]
[Site "Fagernes"]
[Date "2024.03.27"]
[Round "5"]
[White "Valcu, Lavinia"]
[Black "Bech, Havard Eriksen"]
[Result "1/2-1/2"]
[WhiteElo "2070"]
[BlackElo "1951"]
[PlyCount "87"]
[EventDate "2024.03.24"]
[EventType "swiss"]
[EventRounds "9"]
[EventCountry "NOR"]
[SourceTitle "CB14_2024"]
[SourceDate "2024.04.01"]
[SourceVersion "1"]
[SourceVersionDate "2024.04.01"]
[SourceQuality "1"]

1. b3 e5 2. Bb2 Nc6 3. e3 d5 4. Bb5 Bd6 5. f4 Qh4+ 6. g3 Qe7 7. Nf3 Bg4 8. fxe5 Bxe5 9. Bxe5 Bxf3 10. Qxf3 Qxe5 11. 0-0 Nf6 12. Bxc6+ bxc6 13. Nc3 0-0 14. Qf5 Rfe8 15. Qxe5 Rxe5 16. Rf4 Ne4 17. d4 Nxc3 18. dxe5 Ne2+ 19. Kf2 Nxf4 20. exf4 c5 21. Ke3 a5 22. f5 Re8 23. Kf4 g5+ 24. Kxg5 Rxe5 25. Rd1 c6 26. Rd2 Kg7 27. g4 h6+ 28. Kh5 Re4 29. h4 a4 30. g5 hxg5 31. hxg5 axb3 32. f6+ Kf8 33. axb3 c4 34. bxc4 Rxc4 35. g6 fxg6+ 36. Kxg6 Rc3 37. Rh2 Rg3+ 38. Kf5 Rf3+ 39. Ke6 Re3+ 40. Kd6 Rc3 41. Ke6 Re3+ 42. Kd7 Rc3 43. Ke6 Re3+ 44. Kd6 1/2-1/2

[Event "Rilton Cup 51st"]
[Site "Stockholm"]
[Date "2023.12.31"]
[Round "5"]
[White "Valcu, Lavinia"]
[Black "Rempe, Jonas"]
[Result "1-0"]
[WhiteElo "1976"]
[BlackElo "2150"]
[PlyCount "83"]
[EventDate "2023.12.27"]
[EventType "swiss"]
[EventRounds "9"]
[EventCountry "SWE"]
[SourceTitle "CB02_2024"]
[SourceDate "2024.01.10"]
[SourceVersion "1"]
[SourceVersionDate "2024.01.10"]
[SourceQuality "1"]

1. d4 Nf6 2. Bf4 b6 3. c4 Bb7 4. Nc3 d6 5. Nf3 Nbd7 6. Qc2 g6 7. e4 Bg7 8. Rd1 0-0 9. Be2 Re8 10. 0-0 Nh5 11. Be3 e5 12. dxe5 dxe5 13. Rd2 Qc8 14. Rfd1 Nf8 15. c5 Nf6 16. Nd5 Bc6 17. Ng5 h6 18. Nb4 hxg5 19. Nxc6 Qb7 20. Nd8 Qxe4 21. Qb3 Qf5 22. Nxf7 Ne6 23. Nxg5 Kh8 24. Nxe6 Qxe6 25. Bc4 Qf5 26. Bf7 Rf8 27. Be6 Qh5 28. Qc4 Rae8 29. Bh3 g5 30. Bd7 Re7 31. c6 a5 32. b4 a4 33. b5 Rd8 34. Qxa4 e4 35. Bg4 Nxg4 36. Rxd8+ Kh7 37. h3 Nxe3 38. fxe3 Qe2 39. Qb3 Re5 40. Qg8+ Kg6 41. R8d7 Re7 42. Kh2 1-0

[Event "Uppsala Young Champions 10th"]
[Site "Uppsala"]
[Date "2023.11.01"]
[Round "9"]
[White "Harish, Neeraj"]
[Black "Valcu, Lavinia"]
[Result "1/2-1/2"]
[WhiteElo "2076"]
[BlackElo "1990"]
[PlyCount "104"]
[EventDate "2023.10.27"]
[EventType "swiss"]
[EventRounds "9"]
[EventCountry "SWE"]
[SourceTitle "Mega2024 Update 01"]
[Source "Chessbase"]
[SourceDate "2023.11.12"]
[SourceVersion "1"]
[SourceVersionDate "2023.11.12"]
[SourceQuality "1"]

1. e4 c6 2. d4 d5 3. e5 Bf5 4. h4 h5 5. Bd3 Bxd3 6. Qxd3 e6 7. Bg5 Be7 8. Nf3 Nh6 9. 0-0 Nd7 10. Nbd2 Nf5 11. g3 0-0 12. Rfe1 Rc8 13. Nf1 c5 14. c3 Bxg5 15. Nxg5 cxd4 16. cxd4 Qb6 17. Ne3 Qxd4 18. Qe2 Qxe5 19. Qxh5 Nf6 20. Qf3 Nxe3 21. Rxe3 Qxb2 22. Rae1 d4 23. Rb3 Qd2 24. Rd1 Rc1 25. Rxc1 Qxc1+ 26. Kg2 b6 27. Rd3 e5 28. Qf5 Qc6+ 29. Kh2 Re8 30. Rd2 Qd7 31. Qd3 b5 32. Re2 Qd5 33. f3 Qc4 34. Qd2 Qc3 35. Qd1 e4 36. Nxe4 Nxe4 37. fxe4 d3 38. Rd2 Rd8 39. e5 a5 40. Qe1 Kh8 41. Qe3 Qd4 42. Qf3 Qd5 43. Qe3 b4 44. h5 Kh7 45. Qf4 Qd7 46. h6 gxh6 47. Rxd3 Qxd3 48. Qxf7+ Kh8 49. Qf6+ Kg8 50. Qe6+ Kf8 51. Qf6+ Kg8 52. Qe6+ Kf8 1/2-1/2

[Event "Uppsala Young Champions 10th"]
[Site "Uppsala"]
[Date "2023.10.27"]
[Round "1"]
[White "Valcu, Lavinia"]
[Black "Seiger, Vidar"]
[Result "1/2-1/2"]
[WhiteElo "1990"]
[BlackElo "1908"]
[PlyCount "72"]
[EventDate "2023.10.27"]
[EventType "swiss"]
[EventRounds "9"]
[EventCountry "SWE"]
[SourceTitle "Mega2024 Update 01"]
[Source "Chessbase"]
[SourceDate "2023.11.12"]
[SourceVersion "1"]
[SourceVersionDate "2023.11.12"]
[SourceQuality "1"]

1. d4 Nf6 2. c4 g6 3. Nc3 Bg7 4. e4 0-0 5. Be2 d6 6. Be3 Na6 7. h4 c5 8. d5 e6 9. dxe6 Bxe6 10. h5 Qa5 11. Qd2 Nb4 12. Kf1 Nc6 13. hxg6 fxg6 14. Qxd6 Rfe8 15. Qxc5 Qxc5 16. Bxc5 Na5 17. Nf3 Bxc4 18. Nd2 Bxe2+ 19. Kxe2 Rac8 20. Bxa7 Nc4 21. Nxc4 Rxc4 22. f3 Rb4 23. Nd1 b6 24. Rc1 Nh5 25. a3 Ra4 26. Rxh5 gxh5 27. Bxb6 Rb8 28. Bc5 Bxb2 29. Rb1 Be5 30. Rxb8+ Bxb8 31. Bb4 Ra6 32. Ne3 Kf7 33. Nf5 Be5 34. g3 Ke6 35. Kd3 Kd7 36. Kc4 Bb2 1/2-1/2

[Event "Gothenburg Kvibergspelen"]
[Site "Gothenburg"]
[Date "2023.09.17"]
[Round "7"]
[White "Bohman Karlholm, Adrian"]
[Black "Valcu, Lavinia"]
[Result "1/2-1/2"]
[WhiteElo "2134"]
[BlackElo "1956"]
[PlyCount "71"]
[EventDate "2023.09.15"]
[EventType "swiss"]
[EventRounds "8"]
[EventCountry "SWE"]
[SourceTitle "EXT 2024"]
[Source "ChessBase"]
[SourceDate "2023.10.10"]
[SourceVersion "1"]
[SourceVersionDate "2023.10.10"]
[SourceQuality "1"]

1. d4 e6 2. c4 b6 3. Nf3 Bb7 4. e3 f5 5. Be2 Nf6 6. 0-0 Be7 7. Nc3 0-0 8. a3 Ne4 9. Nxe4 fxe4 10. Nd2 Bd6 11. Qe1 Qg5 12. f4 Qh6 13. Bd1 c5 14. g3 Bc7 15. b4 d5 16. bxc5 bxc5 17. cxd5 exd5 18. dxc5 Nd7 19. Nb3 Ba6 20. Be2 Rab8 21. Bxa6 Qxa6 22. Qc3 Qb5 23. Rb1 Nxc5 24. Nxc5 Qxb1 25. Nd7 Qb7 26. Nxf8 Rxf8 27. Rd1 Bb6 28. Qe5 Rc8 29. Bd2 Kh8 30. Rc1 Rxc1+ 31. Bxc1 h6 32. Bd2 Qf7 33. g4 Kh7 34. Kf2 Bc7 35. Qd4 Bb6 36. Qe5 1/2-1/2